000 00360nam a2200169Ia 4500
003 0STCL
008 150530s9999 xx 000 0 und d
040 _aSTCL
_cSTCL
100 _aSax Rohmer
245 _aTales of Secret Egypt
250 _aNinth
260 _c1929
546 _aEnglish
942 _2ddc
_cBK
999 _c57414
_d57414
005 20220125171028.0